000 01673nam a2200349 c 4500
999 _c167420
_d167420
003 BLK
005 20220210135822.0
008 180411b bul|||||r ||||||| ||bul||
010 _aKNG00175227000
040 _aBLK
041 _aBUL
_cBUL
072 7 _2bullib
_aК
_xКраезнание
080 _aСелскостопански машини и инструменти. Селскостопанско машиностроене
_b631.3
_x(497.215)
_z631.3(497.215)
139 _a[Десет] 10 години Научно-изследователски и проекто-конструкторски институт по селскостопанско машиностроене /НИПКИССМ/ - 1963-1973 - Русе
_bД 45
245 1 0 _a[Десет] 10 години Научноизследователски и проекто-конструкторски институт по селскостопанско машиностроене /НИПКИССМ/ - 1963-1973 - Русе
_bЮбил. албум
257 _aBGR
260 _bТорграфик
_c1973
300 _a156 с.
_c16 см
380 _a63
500 _a2 200 тир.
650 4 _aСелскостопански машини и оръдия - проектиране
_9277363
651 4 _aРусе
_9179462
653 _aнаучноизследователски институти
653 _aселскостопански машини
653 _aпроектиране
659 _aК
852 _aЦб І 14175
852 _aК 63/Д 45
856 4 _qpdf
856 4 _qpdf
942 _cKNG
_n0
_s1
944 _aCR
_c14.05.2015
_kВаля_Йорданова
944 _aED
_c15.05.2015
_kВаля_Йорданова
999 _d167420